Central Library OPAC University of Rajshahi

The Indian Army : (Record no. 7025)

MARC details
000 -LEADER
fixed length control field 00798nam a2200277 a 4500
001 - CONTROL NUMBER
control field 7025
003 - CONTROL NUMBER IDENTIFIER
rucl marc code BD-RjUL
005 - DATE AND TIME OF LATEST TRANSACTION
control field 20211208234344.0
008 - FIXED-LENGTH DATA ELEMENTS--GENERAL INFORMATION
fixed length control field 140113s1974 enk 001 0 eng d
020 ## - INTERNATIONAL STANDARD BOOK NUMBER
International Standard Book Number 0715366351
035 ## - SYSTEM CONTROL NUMBER
System control number (BD-RjUL)7067
System control number (BD-RjUL)
040 ## - CATALOGING SOURCE
Original cataloging agency ANL
Language of cataloging eng
Transcribing agency ANL
Modifying agency ANL
041 ## - LANGUAGE CODE
Language code of text/sound track or separate title eng
082 04 - DEWEY DECIMAL CLASSIFICATION NUMBER
Classification number 355.352
Author mark and year HEI 1974
100 1# - MAIN ENTRY--PERSONAL NAME
Personal name Heathcote, T. A.
9 (RLIN) 22006
245 14 - TITLE STATEMENT
Title The Indian Army :
Remainder of title the garrison of British imperial India, 1822-1922 /
Statement of responsibility, etc. T. A. Heathcote.
260 ## - PUBLICATION, DISTRIBUTION, ETC. (IMPRINT)
Place of publication, distribution, etc. London :
Name of publisher, distributor, etc. David and Charles,
Date of publication, distribution, etc. c1974.
300 ## - PHYSICAL DESCRIPTION
Pagination 215 p. :
Illustrations ill. ;
Size 26 cm.
490 0# - SERIES STATEMENT
Series statement Historic armies and navies
504 ## - BIBLIOGRAPHY, ETC. NOTE
Bibliography, etc Bibliography: p. 205-207.
610 10 - SUBJECT ADDED ENTRY--CORPORATE NAME
Corporate name or jurisdiction name as entry element Great Britain.
Subordinate unit Army
Corporate name or jurisdiction name as entry element India.
Subordinate unit Army
942 ## - ADDED ENTRY ELEMENTS (KOHA)
Source of classification or shelving scheme Dewey Decimal Classification
Koha item type Books
Holdings
Lost status Source of classification or shelving scheme Damaged status Not for loan Collection code Permanent Location Current Location Shelving location Date acquired Source of acquisition Cost, normal purchase price Total Checkouts Full call number Date last seen Copy number Koha item type
  Dewey Decimal Classification   Not For Loan Non-fiction Central Library, University of Rajshahi Central Library, University of Rajshahi   18/12/1976 W. Heffer and Sons. 6.50   355.352 HEI 1974 13/01/2014 C-1 Books